000 00342nam a2200145Ia 4500
008 200103s9999||||xx |||||||||||||| ||und||
040 _aIMU-MPC
082 _aColumn-30
100 _aGlasston, Samuel
245 0 _aSourcebook on Atomic Energy
250 _a2nd ed.
260 _bD. Van Nostrand Company
_c1958
300 _a641
942 _cBK
999 _c7349
_d7349